000
00265nam a2200121Ia 4500
100
_a
Sasrur/Rajesh M
942
_c
BK
245
_a
Challenges to democracy in India
260
_b
Oxford university press
_c
2009
300
_a
299
546
_a
ENGLISH
999
_c
32864
_d
32864